John McMurtry and the American Indian : a frontiersman in the struggle for the Ohio Valley /

Bibliographic Details
Main Author: McMurtry, Richard K., 1945-
Format: Book
Language:English
Published: Berkeley, Calif. : Current Issues Publications, [1980]
Subjects:

MARC

Tag First Indicator Second Indicator Subfields
LEADER 00000cam a2200000 a 4500
001 in00000091164
005 20150923131414.0
008 800207s1980 cauabj b 00110bengm
010 |a  80007469  
020 |a 0936012056 :  |c $7.95 
035 |a (OCoLC)06018222 
035 |9 AAK6753AM 
040 |a DLC  |c DLC  |d m.c.  |d TXA  |d UtOrBLW 
043 |a n-us-ky  |a n-uso-- 
049 |a TXAM  |c [1197225] 
050 0 0 |a F454 M17  |b  M32 
082 0 |a 973.3/092/4  |a B 
100 1 |a McMurtry, Richard K.,  |d 1945- 
245 1 0 |a John McMurtry and the American Indian :  |b a frontiersman in the struggle for the Ohio Valley /  |c by Richard Keith McMurtry. 
264 1 |a Berkeley, Calif. :  |b Current Issues Publications,  |c [1980] 
264 4 |c ©1980 
300 |a ix, 111 pages :  |b illustrations, genealogical tables, maps ;  |c 28 cm. 
336 |a text  |b txt  |2 rdacontent 
337 |a unmediated  |b n  |2 rdamedia 
338 |a volume  |b nc  |2 rdacarrier 
500 |a Includes indexes. 
504 |a Bibliography: pages 73-75. 
600 1 0 |a McMurtry, John,  |d 1748-1790. 
600 3 0 |a McMurtry family. 
650 0 |a Indians of North America  |z Ohio River Valley  |x Wars  |y 1770-1815. 
650 0 |a Pioneers  |z Kentucky  |v Biography. 
651 0 |a Ohio River Valley  |x History  |y To 1795. 
651 0 |a Kentucky  |x History  |y To 1792. 
999 |a MARS 
999 f f |s 2c28e690-fd37-3dc4-8966-fa9b9b532710  |i 16759474-ff4c-3567-9584-a1b21d3715f5  |t 0 
952 f f |p ric  |a Texas A&M University  |b Rellis Campus  |c Joint Library Facility  |d Remote Storage  |t 0  |e F454 M17 M32  |h Library of Congress classification  |i unmediated -- volume  |m A14806019402 
998 f f |a F454 M17 M32  |t 0  |l Remote Storage